000
00307nam a22001337a 4500
003
SGT
082
_a
658.15,BHA
100
_a
BHARGAVA,AMIT
245
_a
FOREIGN EXCHANGE MANAGEMENT
260
_a
NEW DELHI
_b
TAXMAN
_c
2000
300
_a
V.P
653
_a
EXCHANGE MANAGEMENT, MONEY EXCHANGE
942
_2
ddc
_c
BK
999
_c
9653
_d
9653